APEC Schools

Salamanka / (Record no. 9086)

000 -LEADER
fixed length control field nam a22 7a 4500
005 - DATE AND TIME OF LATEST TRANSACTION
control field 20220330231734.0
008 - FIXED-LENGTH DATA ELEMENTS--GENERAL INFORMATION
fixed length control field 220330b xxu||||| |||| 00| 0 eng d
020 ## - IDENTIFIER FOR THE MANIFESTATION
Identifier for the Manifestation 6214043121
Binding paperback
040 ## - CATALOGING SOURCE
Language of Cataloging eng
Transcribing Agency APEC Schools Library
Description Conventions rda
082 ## - DEWEY DECIMAL CLASSIFICATION NUMBER
Classification number F 899.211
Author's Number S7751s 2019
100 ## - CREATOR
Preferred Name of the Person Sta. Maria, Ian
245 ## - TITLE AND STATEMENT OF RESPONSIBILITY
Preferred Title Proper Salamanka /
Statement of Responsibility/Parallel Statement of Responsibility Ian Sta. Maria
264 ## - PUBLICATION STATEMENT
Place of publication, distribution, etc Mandaluyong City ;
Publisher's Name/Parallel Publisher's Name Summit Publishing Co., Inc.,
Copyright ©2019.
300 ## - PHYSICAL DESCRIPTION
Extent [unpaged] :
Illustrative Content colored illustrations.
336 ## - RDA CONTENT
Source rdacontent
Content Type text
337 ## - RDA MEDIA
Source rdamedia
Media Type unmediated
338 ## - RDA CARRIER
Source rdacarrier
Carrier Type volume
942 ## - ADDED ENTRY ELEMENTS (KOHA)
Source of Classification
Koha Item Type Fiction
Holdings
Library Site Location Shelving Location Source of Acquisition Full Classification Number Accession Number Koha Item Type
APEC C. Raymundo Library APEC C. Raymundo Library Filipiniana Institutional Fund F 899.211 S7751s 2019 A07-0000512 Fiction
APEC Grace Park West Library APEC Grace Park West Library Filipiniana Institutional Fund F 899.211 S7751s 2019 A09-0000396 Fiction
APEC Marikina Heights Library APEC Marikina Heights Library Filipiniana Institutional Fund F 899.211 S7751s 2019 A08-0000420 Fiction
APEC Muntinlupa Library APEC Muntinlupa Library Filipiniana Institutional Fund F 899.211 S7751s 2019 B01-0000389 Fiction
APEC New Manila Library APEC New Manila Library Filipiniana Institutional Fund F 899.211 S7751s 2019 C03-0000404 Fiction
APEC Roxas Boulevard Library APEC Roxas Boulevard Library Filipiniana Institutional Fund F 899.211 S7751s 2019 B06-0000383 Fiction
APEC Silangan, Pateros Library APEC Silangan, Pateros Library Filipiniana Institutional Fund F 899.211 S7751s 2019 B07-0000474 Fiction
APEC Sta. Rita Library APEC Sta. Rita Library Filipiniana Institutional Fund F 899.211 S7751s 2019 B02-0000495 Fiction
APEC Tondo Library APEC Tondo Library Filipiniana Institutional Fund F 899.211 S7751s 2019 A10-0000401 Fiction
APEC V. Luna Library APEC V. Luna Library Filipiniana Institutional Fund F 899.211 S7751s 2019 A01-0000434 Fiction

Powered by Koha